[Event "Women's Speed Chess Q1"]
[Site "chess.com INT"]
[Date "2020.06.18"]
[Round "4"]
[White "Belenkaya, Dina"]
[Black "Martynkova, Olena"]
[Result "1-0"]
[WhiteTitle "WGM"]
[BlackTitle "WIM"]
[WhiteElo "2297"]
[BlackElo "2222"]
[WhiteFideId "24142654"]
[BlackFideId "14134039"]
[EventDate "2020.06.18"]

1. e4 c5 2. Nc3 Nc6 3. g3 g6 4. Bg2 Bg7 5. d3 d6 6. Nge2 Nf6 7. Bg5 Rb8 8. Qc1
O-O 9. Bh6 b5 10. h4 Bxh6 11. Qxh6 Ng4 12. Qg5 e5 13. Nd5 Qxg5 14. hxg5 Nb4 15.
Ne7+ Kg7 16. Kd2 Nxf2 17. Rhf1 Ng4 18. Nxc8 Rbxc8 19. Bh3 f5 20. gxf6+ Nxf6 21.
Bxc8 Rxc8 22. c3 Nc6 23. Rf3 b4 24. Raf1 Ng4 25. Rf7+ Kg8 26. Rd7 bxc3+ 27. bxc3
Rb8 28. Kc1 c4 29. dxc4 Ne3 30. Rff7 1-0

[Event "Women's Speed Chess Q1"]
[Site "chess.com INT"]
[Date "2020.06.18"]
[Round "4"]
[White "Eswaran, Ashritha"]
[Black "Zhao, Xue"]
[Result "0-1"]
[WhiteTitle "WIM"]
[BlackTitle "GM"]
[WhiteElo "2244"]
[BlackElo "2486"]
[WhiteFideId "2080788"]
[BlackFideId "8601283"]
[EventDate "2020.06.18"]

1. e4 e5 2. Nf3 Nc6 3. Bc4 Bc5 4. d3 Nf6 5. O-O a6 6. c3 Ba7 7. a4 d6 8. b4 h6
9. a5 Ne7 10. Bb3 Ng6 11. Nbd2 O-O 12. Nc4 Be6 13. Be3 Qd7 14. Re1 Rfe8 15. Bxa7
Rxa7 16. Ne3 Nf4 17. Bxe6 fxe6 18. g3 Ng6 19. Kg2 Raa8 20. h4 Rf8 21. Nh2 Qf7
22. Rf1 d5 23. f3 Rad8 24. Qe2 Nh5 25. Qc2 Nxg3 26. Kxg3 Qf4+ 27. Kg2 Qxe3 28.
Qf2 Nf4+ 29. Kh1 Qxf2 30. Rxf2 Nxd3 31. Rff1 dxe4 32. fxe4 Nf2+ 33. Kg2 Nxe4 34.
Rxf8+ Kxf8 35. Ng4 Nxc3 36. Rc1 Rd2+ 37. Kf3 Rd3+ 38. Kg2 Rg3+ 39. Kxg3 Ne2+ 40.
Kf3 Nxc1 41. Nxe5 Na2 42. Nd3 Ke7 43. Ke4 Nc3+ 44. Kd4 Nd5 45. Ke5 b6 46. b5
bxa5 47. bxa6 a4 48. a7 Nb6 49. Nb4 a3 50. h5 Kf7 51. Na2 c5 52. Kd6 Nc8+ 53.
Kxc5 Nxa7 54. Kb6 Nc8+ 55. Kc7 Ne7 56. Kd6 Nd5 57. Ke5 Nf6 58. Kd4 Nxh5 59. Kc4
Nf4 60. Kb3 h5 61. Kxa3 h4 62. Nc3 h3 63. Ne4 Ne2 64. Kb4 Kg6 65. Kc4 Kf5 66.
Kd3 g5 67. Nf2 Nf4+ 68. Ke3 g4 69. Nh1 Nh5 70. Kf2 Kf4 71. Kg1 g3 0-1

[Event "Women's Speed Chess Q1"]
[Site "chess.com INT"]
[Date "2020.06.18"]
[Round "4"]
[White "Mukhina, Jana"]
[Black "Singgih, Diajeng Theresa"]
[Result "0-1"]
[WhiteTitle "WFM"]
[BlackTitle "WFM"]
[WhiteElo "2068"]
[BlackElo "1972"]
[WhiteFideId "34115428"]
[BlackFideId "7104391"]
[EventDate "2020.06.18"]

1. e4 e5 2. d4 exd4 3. Nf3 Nc6 4. Bc4 Nf6 5. O-O Bc5 6. e5 d5 7. exf6 dxc4 8.
fxg7 Rg8 9. Re1+ Be6 10. Ng5 Qd5 11. Nxe6 fxe6 12. Qg4 O-O-O 13. Rxe6 Kb8 14.
Bh6 d3 15. Nc3 Qd4 16. Ne4 Qxb2 17. Rf1 Bd4 18. cxd3 Bxg7 19. Bxg7 Rxg7 20. Qh4
Rdg8 21. dxc4 Nd4 22. Rf6 Rxg2+ 23. Kh1 Qe2 24. Rb1 Nf3 25. Rxf3 Qxf3 26. Nd2
Rg1# 0-1

[Event "Women's Speed Chess Q1"]
[Site "chess.com INT"]
[Date "2020.06.18"]
[Round "4"]
[White "Ovezdurdiyeva, Jemal"]
[Black "Zavivaeva, Evelina"]
[Result "1-0"]
[WhiteTitle "WFM"]
[BlackTitle "WCM"]
[WhiteElo "2061"]
[BlackElo "1619"]
[WhiteFideId "14001888"]
[BlackFideId "44127839"]
[EventDate "2020.06.18"]

1. d4 Nf6 2. c4 e6 3. Nc3 b6 4. e4 d6 5. Bd3 e5 6. d5 g6 7. Nge2 Bb7 8. O-O Nbd7
9. a3 Bg7 10. g3 O-O 11. f4 Re8 12. f5 a5 13. Bc2 Ba6 14. b3 Rb8 15. h3 Nc5 16.
b4 Ncd7 17. Bd3 axb4 18. axb4 Ra8 19. g4 Bb7 20. Rb1 Rb8 21. g5 Nh5 22. f6 Bh8
23. Be3 h6 24. h4 hxg5 25. hxg5 Kh7 26. Kg2 Rg8 27. Rh1 Re8 28. Ng1 Nxf6 29.
gxf6 Bxf6 30. Rxh5+ gxh5 31. Qxh5+ Kg7 32. Bh6+ Kg8 33. Nf3 Kh7 34. Kf2 Rg8 35.
Bf8# 1-0

[Event "Women's Speed Chess Q1"]
[Site "chess.com INT"]
[Date "2020.06.18"]
[Round "4"]
[White "Borisova, Ekaterina"]
[Black "Goryachkina, Aleksandra"]
[Result "0-1"]
[WhiteTitle "FM"]
[BlackTitle "GM"]
[WhiteElo "2283"]
[BlackElo "2582"]
[WhiteFideId "34124184"]
[BlackFideId "4147103"]
[EventDate "2020.06.18"]

1. Nf3 d5 2. g3 Nc6 3. d4 Bf5 4. Bg2 Nb4 5. Na3 e6 6. O-O Be7 7. c3 Nc6 8. c4
Nf6 9. cxd5 exd5 10. Bf4 O-O 11. Nb1 Bd6 12. Ne5 Ne7 13. Nc3 c6 14. Rc1 Ng6 15.
Nxg6 hxg6 16. Bg5 Re8 17. Qd2 Qd7 18. Rfe1 Ne4 19. Nxe4 Bxe4 20. f3 Bf5 21. e4
dxe4 22. fxe4 Bg4 23. Be3 Re7 24. a3 Rae8 25. b4 Bc7 26. Rc3 Bb6 27. Rd3 Be6 28.
Rd1 f6 29. Kh1 Bh3 30. e5 Bxg2+ 31. Qxg2 fxe5 32. dxe5 Qf5 33. Bxb6 axb6 34. Rd8
Rxe5 35. Rxe8+ Rxe8 36. h3 b5 37. Kh2 Kh7 38. Rd2 Re3 39. Ra2 Qe6 40. Qd2 b6 41.
h4 Qe5 42. Qf2 c5 43. bxc5 bxc5 44. Rb2 Rxg3 45. Qxg3 Qxb2+ 46. Kh3 Qc2 47. Qe3
c4 48. Qc5 Qf5+ 49. Qxf5 gxf5 0-1

[Event "Women's Speed Chess Q1"]
[Site "chess.com INT"]
[Date "2020.06.18"]
[Round "4"]
[White "Tian, Shi Yuan"]
[Black "Starosta, Martyna"]
[Result "1-0"]
[WhiteTitle "WFM"]
[BlackTitle "WCM"]
[WhiteElo "1868"]
[BlackElo "2079"]
[WhiteFideId "2623960"]
[BlackFideId "21818754"]
[EventDate "2020.06.18"]

1. e4 e5 2. Nf3 Nc6 3. Bb5 a6 4. Ba4 d6 5. O-O g6 6. d3 Bg7 7. c3 Nf6 8. Nbd2
O-O 9. Re1 Nh5 10. Nf1 b5 11. Bc2 h6 12. Be3 f5 13. exf5 gxf5 14. d4 e4 15. N3d2
Nf6 16. f4 Ng4 17. h3 Nxe3 18. Nxe3 Kh8 19. Kh1 Bf6 20. Rg1 Rg8 21. Qh5 Bg7 22.
Nxf5 Bxf5 23. Qxf5 d5 24. Nxe4 Ne7 25. Qe6 dxe4 26. Qxe4 1-0

[Event "Women's Speed Chess Q1"]
[Site "chess.com INT"]
[Date "2020.06.18"]
[Round "4"]
[White "Tomilova, Elena"]
[Black "Nurmanova, Alua"]
[Result "1-0"]
[WhiteTitle "WGM"]
[BlackTitle "WFM"]
[WhiteElo "2353"]
[BlackElo "2026"]
[WhiteFideId "4162340"]
[BlackFideId "13729390"]
[EventDate "2020.06.18"]

1. e4 c5 2. Nf3 d6 3. d4 cxd4 4. Qxd4 Nc6 5. Qe3 Nf6 6. h3 e6 7. Be2 d5 8. e5
Ne4 9. O-O Bc5 10. Qd3 Nxf2 11. Qb5 Ne4+ 12. Kh2 a6 13. Qb3 Bd7 14. c4 Qc7 15.
cxd5 Nxe5 16. Nxe5 Qxe5+ 17. Bf4 Qxd5 18. Bc4 Qc6 19. Nc3 O-O 20. Nxe4 Qxe4 21.
Rae1 Qc6 22. Qg3 b5 23. Bd3 f5 24. Rc1 Qb6 25. Be5 Rf7 26. Be2 Bc6 27. Qc3 Qb7
28. Qxc5 Bxg2 29. Rg1 Bd5 30. a3 g6 31. Bh5 f4 32. Bxg6 hxg6 33. Rxg6+ Kh7 34.
Rcg1 Rc8 35. Qf2 Be4 36. Qh4# 1-0

[Event "Women's Speed Chess Q1"]
[Site "chess.com INT"]
[Date "2020.06.18"]
[Round "4"]
[White "Khomeriki, Nino"]
[Black "Gunina, Valentina"]
[Result "0-1"]
[WhiteTitle "WGM"]
[BlackTitle "GM"]
[WhiteElo "2319"]
[BlackElo "2431"]
[WhiteFideId "13603191"]
[BlackFideId "4167570"]
[EventDate "2020.06.18"]

1. d4 Nf6 2. c4 e6 3. Nf3 d5 4. Nc3 c5 5. cxd5 Nxd5 6. e4 Nxc3 7. bxc3 cxd4 8.
cxd4 Bb4+ 9. Bd2 Bxd2+ 10. Qxd2 O-O 11. Bc4 Nc6 12. O-O b6 13. d5 Na5 14. Bd3
exd5 15. exd5 h6 16. Rfe1 Bb7 17. Re5 Qd6 18. Rae1 Rad8 19. Bb1 Bxd5 20. Rd1
Bxf3 21. Qxd6 Rxd6 22. Rxd6 Nc4 23. gxf3 Nxd6 24. Re7 Re8 25. Rd7 Re1+ 26. Kg2
Rxb1 27. Rxd6 Rb4 28. Rd8+ Kh7 29. Rd2 Ra4 30. Kg3 g5 31. h3 Kg6 32. Rd6+ f6 33.
Rd2 h5 34. Kg2 Kf5 35. Kg3 h4+ 36. Kg2 Ke5 37. Kf1 b5 38. Kg2 a6 39. Kf1 Ra3 40.
Kg2 b4 41. Re2+ Kd5 42. Rd2+ Kc5 43. Re2 a5 44. Rd2 a4 45. Rc2+ Kd4 46. Rd2+ Kc3
47. Rd6 Rxa2 48. Rxf6 b3 49. Rc6+ Kd2 50. Rd6+ Kc1 51. Rc6+ Rc2 52. Ra6 b2 53.
Rxa4 b1=Q 0-1

[Event "Women's Speed Chess Q1"]
[Site "chess.com INT"]
[Date "2020.06.18"]
[Round "4"]
[White "Idrisova, Roza"]
[Black "Sukandar, Irine Kharisma"]
[Result "1-0"]
[WhiteTitle "WFM"]
[BlackTitle "IM"]
[WhiteElo "1960"]
[BlackElo "2413"]
[WhiteFideId "4146662"]
[BlackFideId "7101937"]
[EventDate "2020.06.18"]

1. d4 Nf6 2. Nf3 b6 3. c4 e6 4. a3 Bb7 5. Nc3 d5 6. Bg5 Be7 7. e3 O-O 8. Rc1 h6
9. Bh4 Nbd7 10. Bd3 c5 11. O-O cxd4 12. exd4 Rc8 13. Qe2 dxc4 14. Bxc4 Bxf3 15.
gxf3 Nd5 16. Bg3 N7f6 17. Ne4 Nh5 18. Ba6 Nhf4 19. Qd2 Rxc1 20. Rxc1 Bg5 21.
Nxg5 Qxg5 22. Rc2 Qf5 23. Bf1 Nh3+ 24. Bxh3 Qxh3 25. Qd3 Qh5 26. Qe4 Nf6 27. Qe3
Qg6 28. Rc1 Rd8 29. Kg2 Qf5 30. Qe5 Qd3 31. Rc7 a5 32. Rb7 Nd5 33. Qh5 Rf8 34.
Bd6 Qxd4 35. Qg4 Qf4 36. Bxf4 1-0

[Event "Women's Speed Chess Q1"]
[Site "chess.com INT"]
[Date "2020.06.18"]
[Round "4"]
[White "Ouellet, Maili-Jade"]
[Black "Vidruska, Renate"]
[Result "0-1"]
[WhiteTitle "WGM"]
[BlackTitle "WFM"]
[WhiteElo "2257"]
[BlackElo "2045"]
[WhiteFideId "2620472"]
[BlackFideId "11601841"]
[EventDate "2020.06.18"]

1. d4 Nf6 2. c4 e6 3. Nc3 Bb4 4. e3 b6 5. Ne2 O-O 6. a3 Be7 7. Ng3 Bb7 8. f3 d5
9. cxd5 Nxd5 10. Bd3 c5 11. Nce2 Bf6 12. dxc5 bxc5 13. Qc2 h6 14. Qxc5 Na6 15.
Bxa6 Bxa6 16. O-O Rc8 17. Qxa7 Rc6 18. e4 Nc7 19. Qe3 Qb8 20. Kh1 Rc2 21. e5 Be7
22. Rd1 Bc5 23. Qe4 Rc4 24. Qb1 Rh4 25. Nc3 Nb5 26. Nce4 Qxe5 27. Bd2 Ba7 28. f4
Qb8 29. Bb4 Re8 30. Qc2 Nd4 31. Nc3 Nxc2 0-1

[Event "Women's Speed Chess Q1"]
[Site "chess.com INT"]
[Date "2020.06.18"]
[Round "4"]
[White "Zavivaeva, Emilia"]
[Black "Alboredo, Julia"]
[Result "0-1"]
[WhiteTitle "WCM"]
[BlackTitle "WFM"]
[WhiteElo "1735"]
[BlackElo "2182"]
[WhiteFideId "34127531"]
[BlackFideId "2124807"]
[EventDate "2020.06.18"]

1. e4 c5 2. Nf3 d6 3. d4 cxd4 4. Nxd4 Nf6 5. Nc3 Nc6 6. Be3 Ng4 7. Bc1 Qb6 8.
Bb5 e5 9. h3 Nxf2 10. Kxf2 exd4 11. Nd5 Qd8 12. Rf1 Be7 13. Kg1 O-O 14. b3 Be6
15. Bb2 a6 16. Be2 f5 17. Bxd4 Bxd5 18. exd5 Nxd4 19. Qxd4 Bf6 20. Qe3 Re8 21.
Qd3 Qb6+ 22. Kh1 Bxa1 23. Rxa1 Qe3 24. Qxe3 Rxe3 25. Bd3 g6 26. Kg1 Rae8 27. Kf2
b5 28. a4 R3e5 29. axb5 axb5 30. Bxb5 R8e7 31. Bc4 f4 32. Ra8+ Kg7 33. Ra1 g5
34. Kf3 h5 35. Kf2 g4 36. hxg4 hxg4 37. Rh1 Kg6 38. Bd3+ Kg5 39. Rh8 g3+ 40. Kf3
Re3# 0-1

[Event "Women's Speed Chess Q1"]
[Site "chess.com INT"]
[Date "2020.06.18"]
[Round "4"]
[White "Yakimova, Mariya"]
[Black "Salimova, Nurgyul"]
[Result "0-1"]
[WhiteTitle "WFM"]
[BlackTitle "IM"]
[WhiteElo "2269"]
[BlackElo "2372"]
[WhiteFideId "34188859"]
[BlackFideId "2915138"]
[EventDate "2020.06.18"]

1. d4 Nf6 2. c4 e6 3. g3 d5 4. Nf3 Be7 5. Bg2 O-O 6. O-O dxc4 7. Ne5 Qd6 8. Nxc4
Qa6 9. Qb3 Nc6 10. e3 b5 11. Ne5 Bb7 12. Nxc6 Bxc6 13. Nc3 Bxg2 14. Kxg2 Rab8
15. Bd2 c5 16. dxc5 Rfd8 17. Rfd1 Qc6+ 18. Kg1 Ng4 19. e4 Bxc5 20. Be1 Qb6 21.
Rxd8+ Rxd8 22. Qc2 Ne5 23. Kg2 h5 24. Rd1 Rc8 25. Qe2 a6 26. Qxh5 Nc4 27. Qe2
Bd4 28. h4 Qc5 29. Qd3 e5 30. Qe2 Nxb2 31. Qxb2 Bxc3 32. Bxc3 Qxc3 33. Qe2 Qc4
34. Rd7 Qxe2 0-1

[Event "Women's Speed Chess Q1"]
[Site "chess.com INT"]
[Date "2020.06.18"]
[Round "4"]
[White "Mkrtchian, Lilit"]
[Black "Kubicka, Anna"]
[Result "1/2-1/2"]
[WhiteTitle "IM"]
[BlackTitle "WIM"]
[WhiteElo "2388"]
[BlackElo "2256"]
[WhiteFideId "13300601"]
[BlackFideId "1152254"]
[EventDate "2020.06.18"]

1. d4 Nf6 2. c4 g6 3. Nc3 Bg7 4. e4 O-O 5. Nf3 d6 6. Be2 e5 7. O-O Nc6 8. d5 Ne7
9. Ne1 Ne8 10. Be3 f5 11. f3 f4 12. Bf2 g5 13. g4 fxg3 14. hxg3 h5 15. Ng2 Ng6
16. Ne3 h4 17. g4 Nf4 18. Nf5 Bxf5 19. exf5 Nf6 20. Ne4 Nxe4 21. fxe4 h3 22. Kh2
Qf6 23. Bf3 Qh6 24. c5 b6 25. cxd6 cxd6 26. Rc1 Rac8 27. Rc6 Rxc6 28. dxc6 Rc8
29. Qb3+ Kh7 30. Rc1 Qf6 31. c7 Qe7 32. Qc2 Bf6 33. Qc6 Nd3 34. Rc2 Nxf2 35.
Rxf2 Rxc7 36. Qd5 Rc5 37. Qd3 Qc7 38. Bd1 Kg7 39. Bb3 Qc6 40. Rd2 Be7 41. Bd5
Qa4 42. b3 Qb4 43. Rc2 Qe1 44. Rxc5 dxc5 45. Qxh3 Qf2+ 46. Kh1 Qe1+ 47. Kg2 c4
48. Qh5 Qe2+ 49. Kg3 Qe3+ 50. Kg2 Qe2+ 51. Kg3 Qe1+ 52. Kg2 Qd2+ 53. Kg3 Qf4+
54. Kg2 Qd2+ 55. Kg3 Qd3+ 56. Kg2 Qc2+ 57. Kg3 Qc3+ 58. Kg2 Qb2+ 59. Kg3 Qc3+
60. Kg2 Qd2+ 1/2-1/2

[Event "Women's Speed Chess Q1"]
[Site "chess.com INT"]
[Date "2020.06.18"]
[Round "4"]
[White "Voit, Daria"]
[Black "Mrudul, Dehankar"]
[Result "1-0"]
[WhiteTitle "WGM"]
[BlackTitle "WIM"]
[WhiteElo "2343"]
[BlackElo "2256"]
[WhiteFideId "4182146"]
[BlackFideId "25096990"]
[EventDate "2020.06.18"]

1. d4 Nf6 2. Nf3 e6 3. c4 Bb4+ 4. Bd2 c5 5. Bxb4 cxb4 6. e3 O-O 7. Bd3 d6 8.
Nbd2 Nc6 9. Qc2 e5 10. O-O Qe7 11. Ne4 Nxe4 12. Bxe4 f5 13. Bd5+ Kh8 14. dxe5
dxe5 15. Rfd1 Bd7 16. c5 Rad8 17. Qc4 e4 18. Bxc6 Bxc6 19. Nd4 Bd5 20. Qxb4 b6
21. Rac1 Rc8 22. Nb5 bxc5 23. Qa3 Rfd8 24. Qxa7 Qxa7 25. Nxa7 Ra8 26. Rxc5 Bxa2
27. Rxd8+ Rxd8 28. Rc8 Rxc8 29. Nxc8 Bb3 30. Kf1 g6 31. Ke2 Kg7 32. Kd2 Kf6 33.
Kc3 Be6 34. Nb6 Ke5 35. b4 Kd6 36. Kd4 g5 37. g3 h5 38. h4 gxh4 39. gxh4 Kc6 40.
Ke5 Bg8 41. Nc8 Kb5 42. Ne7 Kxb4 43. Nxg8 1-0

[Event "Women's Speed Chess Q1"]
[Site "chess.com INT"]
[Date "2020.06.18"]
[Round "4"]
[White "Munkhzul, Davaakhuu"]
[Black "Afonasieva, Anna"]
[Result "0-1"]
[WhiteTitle "WFM"]
[BlackTitle "WIM"]
[WhiteElo "1991"]
[BlackElo "2274"]
[WhiteFideId "4902815"]
[BlackFideId "24173606"]
[EventDate "2020.06.18"]

1. e4 c6 2. Nf3 d5 3. Nc3 Bg4 4. h3 Bxf3 5. Qxf3 Nf6 6. Be2 e6 7. O-O Be7 8. Qg3
O-O 9. d4 Nxe4 10. Nxe4 dxe4 11. c3 f5 12. Bc4 Rf6 13. Bg5 Rg6 14. Bxe7 Qxe7 15.
Qf4 Nd7 16. Qxf5 Nb6 17. Bb3 Rf8 18. Qxe4 Nd5 19. Rae1 Qg5 20. g3 Nf4 21. Kh2
Nh5 22. Bxe6+ Kh8 23. Qe3 Qf6 24. Bg4 Rh6 25. Bxh5 Rxh5 26. g4 Rd5 27. Qg3 c5
28. dxc5 Rd2 29. Re5 Rxb2 30. Rf5 Qe7 31. Re1 Qd8 32. Qd6 Rxf2+ 33. Rxf2 Rxf2+
34. Kg3 Rf8 35. Qxd8 Rxd8 36. Re7 h6 37. Rxb7 Rd3+ 38. Kg2 Rxc3 39. Rxa7 Rxc5
40. a4 Kh7 41. a5 Rc3 42. a6 Ra3 43. Ra8 Ra5 44. a7 Ra3 45. Kh2 Ra2+ 46. Kg3 Ra4
47. Kg2 Ra3 48. Kh2 Kg6 49. Kg2 Kg5 50. Kh2 Kh4 51. Kg2 g6 52. g5 Kxg5 53. Kh2
Kh4 54. Kg2 h5 55. Kh2 Ra2+ 56. Kg1 Kxh3 57. Rg8 Ra1+ 58. Kf2 Rxa7 59. Rxg6 Ra2+
60. Kf3 h4 61. Rg5 Kh2 0-1

[Event "Women's Speed Chess Q1"]
[Site "chess.com INT"]
[Date "2020.06.18"]
[Round "4"]
[White "Bodnaruk, Anastasia"]
[Black "Stefanova, Antoaneta"]
[Result "1/2-1/2"]
[WhiteTitle "IM"]
[BlackTitle "GM"]
[WhiteElo "2411"]
[BlackElo "2462"]
[WhiteFideId "4181751"]
[BlackFideId "2902257"]
[EventDate "2020.06.18"]

1. e4 c6 2. d4 d5 3. e5 c5 4. c3 Nc6 5. Be2 Bf5 6. Nf3 e6 7. O-O cxd4 8. cxd4
Nge7 9. a3 Bg4 10. b4 Nf5 11. Bb2 Qb6 12. Nbd2 Be7 13. h3 Bxf3 14. Nxf3 h5 15.
Qd2 g6 16. Rfd1 Kf8 17. Ne1 Kg7 18. Bc3 a6 19. Nc2 h4 20. a4 Qc7 21. Rdc1 Rhc8
22. Ne1 Qd8 23. Bg4 Nb8 24. Nf3 Nd7 25. a5 Rc4 26. Qf4 Rac8 27. Bd2 Qh8 28. Bxf5
gxf5 29. Rxc4 Rxc4 30. Rc1 Rxc1+ 31. Bxc1 Nb8 32. Bd2 Nc6 33. Kh2 Qh5 34. Qe3
Qh8 35. Qb3 Qd8 36. Qa4 Qf8 37. b5 axb5 38. Qxb5 Qc8 39. Qb3 Qc7 40. Qb5 Qc8 41.
Qb3 Na7 42. Qb6 Nc6 43. Qb3 1/2-1/2

[Event "Women's Speed Chess Q1"]
[Site "chess.com INT"]
[Date "2020.06.18"]
[Round "4"]
[White "Papp, Sarah"]
[Black "Kazarian, Anna-Maja"]
[Result "1-0"]
[WhiteTitle "WGM"]
[BlackTitle "FM"]
[WhiteElo "2334"]
[BlackElo "2096"]
[WhiteFideId "24606812"]
[BlackFideId "1033689"]
[EventDate "2020.06.18"]

1. e4 e6 2. d4 d5 3. e5 c5 4. c3 Nc6 5. Nf3 Qb6 6. a3 Nh6 7. b4 cxd4 8. Bxh6
gxh6 9. cxd4 Bg7 10. Ra2 Bd7 11. Be2 O-O 12. O-O f6 13. exf6 Rxf6 14. Nc3 Raf8
15. Na4 Qc7 16. Nc5 Rf4 17. Rd2 b6 18. Nxd7 Qxd7 19. Bb5 Qd6 20. Bxc6 Qxc6 21.
Re1 Qd6 22. Ne5 Re4 23. Rxe4 dxe4 24. Nc4 Qf4 25. Ne3 Bxd4 26. g3 Qf7 27. Qg4+
Bg7 28. Qxe4 a5 29. bxa5 bxa5 30. Kg2 Kh8 31. Ng4 Qe7 32. Ne5 Qxa3 33. Rd7 Qb4
34. Nf7+ Rxf7 35. Qxb4 axb4 36. Rxf7 b3 37. Rb7 b2 38. Kf3 Bd4 39. Ke4 e5 40. f4
Bc3 41. fxe5 Kg8 42. e6 Kf8 43. Kd3 Bf6 44. Kc2 Ke8 45. Rxh7 1-0

[Event "Women's Speed Chess Q1"]
[Site "chess.com INT"]
[Date "2020.06.18"]
[Round "4"]
[White "Sharmin, Samiha Shimmi"]
[Black "Efimenko, Maria"]
[Result "0-1"]
[WhiteTitle "WCM"]
[BlackTitle "WIM"]
[WhiteElo "1812"]
[BlackElo "2245"]
[WhiteFideId "10203087"]
[BlackFideId "14124327"]
[EventDate "2020.06.18"]

1. e4 d5 2. exd5 Qxd5 3. Nf3 Nf6 4. h3 g6 5. Be2 Bg7 6. O-O O-O 7. c4 Qd6 8. d4
b6 9. Nc3 Bb7 10. Be3 a6 11. Qd2 Rd8 12. Rad1 Nc6 13. Bf4 Qd7 14. d5 Nb8 15. Ne5
Qc8 16. Bh6 Nbd7 17. Bxg7 Kxg7 18. Ng4 Nxg4 19. Bxg4 h5 20. Qd4+ Kg8 21. Bf3 Nf6
22. Qe3 Re8 23. Rfe1 Qf5 24. Ne4 Nh7 25. g4 hxg4 26. hxg4 Qe5 27. Kg2 Qxb2 28.
Rh1 Qg7 29. Rh2 f6 30. Rdh1 Nf8 31. Rh8+ Kf7 32. R1h2 Red8 33. Be2 c6 34. Kg1
cxd5 35. cxd5 Bxd5 36. Nc3 Be6 37. g5 b5 38. R2h4 f5 39. Qg3 Rac8 40. Nd1 Rc1
41. Qh2 Rdxd1+ 42. Bxd1 Rxd1+ 43. Kg2 Bd5+ 44. f3 Rd2+ 0-1

[Event "Women's Speed Chess Q1"]
[Site "chess.com INT"]
[Date "2020.06.18"]
[Round "4"]
[White "Divya, Deshmukh"]
[Black "Vaishali, R"]
[Result "1/2-1/2"]
[WhiteTitle "WIM"]
[BlackTitle "WGM"]
[WhiteElo "2305"]
[BlackElo "2393"]
[WhiteFideId "35006916"]
[BlackFideId "5091756"]
[EventDate "2020.06.18"]

1. d4 Nf6 2. Nc3 d5 3. Bf4 g6 4. e3 Bg7 5. Nf3 O-O 6. Be2 c5 7. h3 Nc6 8. dxc5
Qa5 9. O-O Qxc5 10. Ne5 Nxe5 11. Bxe5 Rd8 12. Bf3 Bf5 13. Bd4 Qc7 14. Bxf6 Bxf6
15. Nxd5 Qxc2 16. Qxc2 Bxc2 17. Nxf6+ exf6 18. Rac1 Rd2 19. Rfe1 Rad8 20. b4 b6
21. Re2 Rd1+ 22. Re1 R1d2 23. Re2 Rxe2 24. Bxe2 Rd2 25. Bc4 a5 26. bxa5 bxa5 27.
Kf1 Bd3+ 28. Bxd3 Rxd3 29. Ke2 Ra3 30. Rc2 Kf8 31. Kd2 Ke7 32. Kc1 Kd6 33. Kb2
Rd3 34. Kc1 Ra3 35. Kb1 Rd3 36. Kc1 Ra3 1/2-1/2

[Event "Women's Speed Chess Q1"]
[Site "chess.com INT"]
[Date "2020.06.18"]
[Round "4"]
[White "Morris-Suzuki, Sophie"]
[Black "Maklakova, Nellija"]
[Result "1-0"]
[WhiteTitle "WFM"]
[WhiteElo "2043"]
[BlackElo "1833"]
[WhiteFideId "30922615"]
[BlackFideId "11603470"]
[EventDate "2020.06.18"]

1. e4 e6 2. d4 d5 3. Nc3 Nf6 4. e5 Nfd7 5. Nf3 c5 6. dxc5 Bxc5 7. Bd3 Nc6 8. Bf4
a6 9. O-O b5 10. a3 Bb7 11. Qe2 h6 12. h4 Qb6 13. h5 Nd4 14. Nxd4 Bxd4 15. Bg3
Rc8 16. Rae1 Bxc3 17. bxc3 Rxc3 18. Qg4 O-O 19. Bf4 f5 20. Qg6 Rf7 21. Bxh6 Nf8
22. Qg3 Rxa3 23. Bg5 Ra4 24. Be3 Qd8 25. Bf4 Qe7 26. f3 Qb4 27. Bg5 Qd4+ 28. Kh2
f4 29. Qh3 Nd7 30. Qxe6 Bc8 31. Bg6 Nxe5 32. Qxc8+ Rf8 33. Qe6+ Nf7 34. Be7 Rc4
35. Bxf8 1-0

[Event "Women's Speed Chess Q1"]
[Site "chess.com INT"]
[Date "2020.06.18"]
[Round "4"]
[White "Arakhamia-Grant, Ketevan"]
[Black "Nithyalakshmi, Sivanesan"]
[Result "1/2-1/2"]
[WhiteTitle "GM"]
[BlackTitle "WCM"]
[WhiteElo "2380"]
[BlackElo "1945"]
[WhiteFideId "13600168"]
[BlackFideId "5706955"]
[EventDate "2020.06.18"]

1. e4 e5 2. Nf3 Nc6 3. Bb5 a6 4. Ba4 Nf6 5. d3 d6 6. c3 b5 7. Bb3 Na5 8. Bc2 Be7
9. O-O c5 10. Nbd2 O-O 11. Re1 Qc7 12. Nf1 Rb8 13. Ng3 Re8 14. h3 b4 15. Nf5 Bf8
16. Bg5 Bxf5 17. exf5 Nd5 18. Qd2 f6 19. Bh4 Kh8 20. d4 bxc3 21. bxc3 Rb2 22.
dxe5 dxe5 23. Qxd5 Rxc2 24. Rad1 Rxc3 25. Nd2 Rd8 26. Qe6 Rcd3 27. Bxf6 gxf6 28.
Qxf6+ Qg7 29. Qxa6 Qc7 30. Re2 Nc6 31. Qc4 R8d4 32. Qe6 Qd7 33. Qf6+ Bg7 34. Qg5
Qd8 35. Qh5 c4 36. Rc1 Rxd2 37. Rxd2 Rxd2 38. Rxc4 Rd6 39. Rg4 Rh6 40. Qf7 Qf8
41. Qc7 Nd4 42. Rxg7 Qxg7 43. Qb8+ Qg8 44. Qxe5+ Qg7 45. Qb8+ Qg8 46. Qe5+ Qg7
47. Qb8+ Qg8 48. Qe5+ 1/2-1/2

[Event "Women's Speed Chess Q1"]
[Site "chess.com INT"]
[Date "2020.06.18"]
[Round "4"]
[White "Mahdian, Anousha"]
[Black "Batsiashvili, Nino"]
[Result "1/2-1/2"]
[WhiteTitle "WFM"]
[BlackTitle "GM"]
[WhiteElo "2212"]
[BlackElo "2457"]
[WhiteFideId "12571490"]
[BlackFideId "13602993"]
[EventDate "2020.06.18"]

1. d4 d5 2. c4 e6 3. Nc3 c5 4. cxd5 exd5 5. Nf3 Nf6 6. g3 Nc6 7. Bg2 cxd4 8.
Nxd4 Bc5 9. Nb3 Bb6 10. Nxd5 Nxd5 11. Qxd5 Qxd5 12. Bxd5 Bh3 13. Bxc6+ bxc6 14.
Be3 Bxe3 15. fxe3 Bg2 16. Rg1 Bd5 17. Kf2 O-O 18. Rac1 Rfb8 19. Rc3 Kf8 20. Rgc1
a5 21. e4 Bxe4 22. Nc5 Bf5 23. b3 Rd8 24. e4 Bg4 25. Ke3 f6 26. Na4 Ra7 27. Rxc6
Rad7 28. R6c3 Rd2 29. R1c2 R8d3+ 30. Rxd3 Rxc2 31. Rd2 Rc1 32. Nb6 h5 33. Nc4 a4
34. Na5 axb3 35. Nxb3 Re1+ 36. Kd4 Bf3 37. Nc5 Ke7 38. a4 Ra1 39. Kc4 Bg4 40.
Kb5 Rb1+ 41. Kc6 Ra1 42. Rb2 g5 43. Kb6 h4 44. gxh4 gxh4 45. a5 Bc8 46. a6 Bxa6
47. Nxa6 Ke6 48. Nc5+ Ke5 49. Rf2 Rh1 50. Kc6 h3 51. Rf5+ Kd4 52. Rxf6 Rxh2 53.
Rh6 Rc2 54. Rxh3 Rxc5+ 55. Kd6 Ra5 56. Rh4 Ra6+ 57. Kd7 Ke5 58. Kc7 Ra4 59. Kb6
Rxe4 60. Rxe4+ Kxe4 1/2-1/2